[Event "Tournoi Skype 015B"]
[Site "Skype"]
[Date "????.??.??"]
[Round "6.20"]
[White "Lequeux, Pierre"]
[Black "Tamditi, Ibrahim"]
[Result "1-0"]
[WhiteElo "1223"]
[BlackElo "1430"]
[PlyCount "41"]

1. e4 e5 2. Nf3 Nc6 3. Nc3 a6 4. a3 Nf6 5. h3 Bc5 6. d4 Bxd4 7. Nxd4 exd4 8.
Ne2 Nxe4 9. Nxd4 Nxf2 10. Qe2+ Qe7 11. Qxe7+ Kxe7 12. Nxc6+ dxc6 13. Kxf2 Rd8
14. Bd3 Kf8 15. Re1 Be6 16. Bg5 Rd5 17. h4 Bf5 18. Bc4 Rc5 19. b3 Bxc2 20. Kg1
b5 21. Be7+ 1-0

[Event "Tournoi Skype 015B"]
[Site "Skype"]
[Date "????.??.??"]
[Round "6.21"]
[White "Paquay, Renaud"]
[Black "Bankhede, Shiv"]
[Result "0-1"]
[WhiteElo "1187"]
[BlackElo "1399"]
[PlyCount "86"]

1. d4 d5 2. Nc3 Nf6 3. Bg5 h6 4. Bh4 Bf5 5. e3 Nc6 6. Nf3 e6 7. Ne5 Bd6 8. Nxc6
bxc6 9. Ne2 O-O 10. Ng3 Bg4 11. Be2 Bxe2 12. Qxe2 Be7 13. O-O Qd6 14. Qf3 c5
15. Bxf6 Bxf6 16. Nh5 Bg5 17. Rfd1 f5 18. dxc5 Qxc5 19. c3 Rab8 20. Rd2 c6 21.
Nf4 Qd6 22. Rad1 e5 23. Ne2 f4 24. e4 Qc7 25. b4 dxe4 26. Qxe4 f3 27. Qc4+ Kh8
28. Rd7 Qb6 29. gxf3 Rxf3 30. Qc5 Qxc5 31. bxc5 Bh4 32. Ng3 Rxc3 33. Nf5 Bf6
34. Rxa7 Rxc5 35. Nd6 Kh7 36. Ne4 Rc2 37. Nxf6+ Kg6 38. Ng4 e4 39. Ne5+ Kf6 40.
Ng4+ Kg6 41. Ne5+ Kh7 42. Ra6 Rf8 43. Nd7 Rfxf2 0-1

[Event "Tournoi Skype 015B"]
[Site "Skype"]
[Date "????.??.??"]
[Round "6.23"]
[White "Capdeville, Jean"]
[Black "Alverson, Ginny"]
[Result "1-0"]
[WhiteElo "1330"]
[BlackElo "1193"]
[PlyCount "95"]

1. e4 c5 2. c4 d6 3. Nf3 Nc6 4. d4 cxd4 5. Nxd4 Qa5+ 6. Nc3 Qc5 7. Nxc6 bxc6 8.
Bd3 Rb8 9. b3 Nf6 10. O-O Bg4 11. Qd2 Qe5 12. h4 Qh5 13. g3 Bh3 14. Re1 Ng4 15.
Qg5 Qxg5 16. Bxg5 f6 17. Be3 Ne5 18. Rad1 Nf3+ 19. Kh1 Nxe1 20. Rxe1 e5 21.
Bxa7 Rb7 22. Be3 d5 23. exd5 Bb4 24. Bd2 Bxc3 25. Bxc3 cxd5 26. cxd5 O-O 27.
Kh2 Bd7 28. f3 Ra8 29. Bb1 Rc7 30. Bd2 Rc5 31. d6 Rd5 32. Bb4 Rd4 33. a3 Be6
34. Bc2 Rc8 35. Re2 Bd7 36. Kg2 Bb5 37. Rf2 Re8 38. Bf5 Bd3 39. d7 Rd8 40. Be6+
Kh8 41. Rd2 e4 42. Be7 exf3+ 43. Kxf3 Be4+ 44. Ke3 Rxd2 45. Kxd2 Rxd7+ 46. Bxd7
Bd5 47. b4 Bc4 48. a4 1-0

[Event "Tournoi Skype 015B"]
[Site "Skype"]
[Date "????.??.??"]
[Round "6.25"]
[White "Baker, Abi"]
[Black "Khatanhar, Mohit"]
[Result "1-0"]
[WhiteElo "1072"]
[BlackElo "1304"]
[PlyCount "57"]

1. c4 c5 2. Nc3 e5 3. e4 d6 4. d3 Nf6 5. Nge2 Be7 6. h3 h6 7. g4 Be6 8. Bg2 Nc6
9. f4 exf4 10. Bxf4 Nb4 11. d4 cxd4 12. Nxd4 Bxc4 13. Qa4+ Nd7 14. Qxb4 Bd3 15.
Qxb7 Rb8 16. Qxa7 Bh4+ 17. Kd2 Qf6 18. Ke3 Bf2+ 19. Kxd3 Qxf4 20. Nd5 Nc5+ 21.
Kc4 Qd2 22. Qxb8+ Kd7 23. Qxh8 Qxd4+ 24. Kb5 Qxb2+ 25. Kc4 Na4 26. Raf1 Qxa2+
27. Kb5 Bc5 28. Rxf7+ Ke6 29. Qe8# 1-0

[Event "Tournoi Skype 015B"]
[Site "Skype"]
[Date "????.??.??"]
[Round "6.26"]
[White "Lemoine, Gerard"]
[Black "Douichi, Mohammed"]
[Result "1-0"]
[WhiteElo "1170"]
[BlackElo "1240"]
[PlyCount "71"]

1. d4 d5 2. c4 dxc4 3. Nc3 a5 4. Nf3 Nc6 5. e4 e5 6. d5 Nd4 7. Bxc4 Nf6 8. Nxe5
Bg4 9. Qxd4 Bh5 10. Bg5 Be7 11. O-O O-O 12. Rfe1 h6 13. Bh4 Re8 14. a3 c6 15.
b4 Bd6 16. Nd3 Qc7 17. e5 c5 18. bxc5 Bxc5 19. Nxc5 b6 20. Nd3 Nd7 21. Bb5 Rac8
22. Rac1 Qd6 23. Ne4 Qg6 24. Nd6 Rxc1 25. Rxc1 Rxe5 26. Nxe5 Nxe5 27. Rc8+ Kh7
28. Rc1 Bf3 29. g3 Nd3 30. Bxd3 f5 31. Bxf5 a4 32. Bxg6+ Kxg6 33. Qd3+ Kh5 34.
Qxf3+ Kg6 35. Rc7 b5 36. Qf5# 1-0

[Event "Tournoi Skype 015B"]
[Site "Skype"]
[Date "????.??.??"]
[Round "6.27"]
[White "Farfallini, Michel"]
[Black "Vervoort, Jean-Louis"]
[Result "1-0"]
[WhiteElo "1320"]
[BlackElo "1304"]
[PlyCount "39"]

1. e4 e5 2. Nf3 Nf6 3. Nxe5 Nxe4 4. d3 h6 5. dxe4 Bb4+ 6. c3 Ba5 7. Qh5 O-O 8.
Bc4 Qe8 9. O-O d6 10. Ng6 Qxe4 11. Nd2 Qe8 12. Nxf8 Kxf8 13. Qxa5 b6 14. Qh5
Nc6 15. Nf3 Bb7 16. Re1 Qd7 17. Bg5 Ne5 18. Nxe5 dxe5 19. Rxe5 hxg5 20. Qh8#
1-0

[Event "Tournoi Skype 015B"]
[Site "Skype"]
[Date "????.??.??"]
[Round "6.29"]
[White "Armingaud, Jean-Claude"]
[Black "Coude, Josue"]
[Result "1-0"]
[WhiteElo "1198"]
[BlackElo "1081"]
[PlyCount "67"]

1. e4 e5 2. Nf3 Nc6 3. Nc3 Bc5 4. d3 Nf6 5. Bg5 h6 6. Bxf6 Qxf6 7. a3 O-O 8.
Nd5 Qd6 9. b4 Nd4 10. bxc5 Qxc5 11. h3 c6 12. Nb4 d6 13. Rc1 Qc3+ 14. Qd2 Qxa3
15. c3 Nb3 16. Qc2 Nxc1 17. Kd1 Qa1 18. Qxc1 Qa4+ 19. Qc2 Qa1+ 20. Qc1 Qa5 21.
d4 exd4 22. Nxd4 Re8 23. Nb3 Rxe4 24. Nxa5 b6 25. Naxc6 a5 26. Nd5 b5 27. Bxb5
a4 28. Qa3 Bb7 29. Qxd6 a3 30. Bd3 Rea4 31. Nde7+ Kf8 32. Bb1 a2 33. Nd5+ Ke8
34. Qe7# 1-0

[Event "Tournoi Skype 015B"]
[Site "Skype"]
[Date "????.??.??"]
[Round "6.30"]
[White "Farthouat, Catherine"]
[Black "Melin, Christiane"]
[Result "0-1"]
[WhiteElo "1039"]
[BlackElo "1174"]
[PlyCount "131"]

1. e4 e5 2. Nf3 d6 3. Bc4 Nf6 4. Nc3 Be6 5. b3 Bxc4 6. bxc4 Be7 7. O-O O-O 8.
d4 exd4 9. Nxd4 c5 10. Nf3 Nbd7 11. Re1 Ne5 12. Nxe5 dxe5 13. Qe2 b6 14. Bb2 a6
15. Rad1 Qc8 16. Na4 Qb8 17. Qf3 b5 18. cxb5 Qxb5 19. Rb1 Qxa4 20. Qb3 Qxb3 21.
axb3 Nxe4 22. Rxe4 Rad8 23. Bxe5 f6 24. Bc3 f5 25. Rxe7 Rf7 26. Rxf7 Kxf7 27.
h4 g6 28. Re1 Re8 29. Be5 h5 30. f4 Rd8 31. Bc3 Rc8 32. Rd1 c4 33. Rd7+ Ke6 34.
Be5 cxb3 35. Rd6+ Ke7 36. cxb3 Rd8 37. Rf6 a5 38. Kh2 Rd3 39. g3 Rxb3 40. Kh3
a4 41. Rc6 Rb1 42. Rc2 Rh1+ 43. Rh2 Rxh2+ 44. Kxh2 a3 45. Ba1 Kd6 46. Kg2 a2
47. Kf2 Kd5 48. Ke3 Kc4 49. Kd2 Kd5 50. Kc2 Ke4 51. Kb2 Kf3 52. Kxa2 Kxg3 53.
Be5 Kxh4 54. Bf6+ Kg4 55. Bg5 h4 56. Bf6 Kxf4 57. Bxh4 Kg4 58. Be1 f4 59. Kb2
f3 60. Kc2 Kf4 61. Kd2 g5 62. Kd1 g4 63. Bf2 Ke4 64. Ke1 Kf4 65. Kf1 Ke4 66.
Kg1 0-1

[Event "Tournoi Skype 015B"]
[Site "Skype"]
[Date "????.??.??"]
[Round "6.32"]
[White "Talbot, Jean"]
[Black "Gagnon, Sindy"]
[Result "1-0"]
[WhiteElo "1041"]
[BlackElo "1049"]
[PlyCount "47"]

1. e4 e5 2. Nf3 Nf6 3. Nc3 Bc5 4. Bc4 O-O 5. O-O c6 6. d3 d5 7. exd5 cxd5 8.
Bb3 Nbd7 9. Bg5 h6 10. Bxf6 Qxf6 11. Nxd5 Qa6 12. Ne7+ Bxe7 13. Re1 Bc5 14.
Nxe5 Nb6 15. Qf3 Bf5 16. Qxf5 Nd7 17. Bxf7+ Kh8 18. Nxd7 Rfd8 19. Nxc5 Qb5 20.
Rab1 Rac8 21. Bc4 Qc6 22. Ne6 Rd6 23. Qf7 Re8 24. Qxg7# 1-0

[Event "Tournoi Skype 015B"]
[Site "Skype"]
[Date "????.??.??"]
[Round "7.1"]
[White "Rugman, Dan"]
[Black "Aceituno, Stebe"]
[Result "1-0"]
[WhiteElo "1320"]
[BlackElo "1399"]
[PlyCount "35"]

1. e4 c5 2. Nf3 d6 3. d4 cxd4 4. Nxd4 Nf6 5. Nc3 e6 6. Be2 Be7 7. O-O O-O 8. f4
Nc6 9. Be3 Qc7 10. Qe1 a6 11. Rd1 Re8 12. Nxc6 bxc6 13. Qg3 Bb7 14. e5 dxe5 15.
fxe5 Nd7 16. Ne4 Nxe5 17. Bd4 Ng6 18. Qxc7 1-0

[Event "Tournoi Skype 015B"]
[Site "Skype"]
[Date "????.??.??"]
[Round "7.2"]
[White "Vello, Pablo"]
[Black "Rochette, Mathieu"]
[Result "0-1"]
[WhiteElo "1324"]
[BlackElo "1399"]
[PlyCount "36"]

1. d4 Nf6 2. c4 e6 3. a3 c6 4. Nc3 d5 5. e3 Be7 6. Nf3 O-O 7. cxd5 exd5 8. Bd3
Bg4 9. e4 dxe4 10. Bxe4 Re8 11. O-O Bd6 12. Qd3 Nxe4 13. Nxe4 Bf5 14. Re1 Kf8
15. Bd2 a5 16. Rac1 Na6 17. d5 Nc5 18. Nfg5 Nxd3 0-1

[Event "Tournoi Skype 015B"]
[Site "Skype"]
[Date "????.??.??"]
[Round "7.4"]
[White "Duthoit, Bernard"]
[Black "Sepulveda, Lyda Marcela"]
[Result "1-0"]
[WhiteElo "1447"]
[BlackElo "1183"]
[PlyCount "53"]

1. e4 e5 2. d4 exd4 3. c3 Nf6 4. e5 Nd5 5. cxd4 Bb4+ 6. Bd2 Nc6 7. Bc4 Bxd2+ 8.
Qxd2 Nce7 9. Nc3 O-O 10. Nxd5 d6 11. Rc1 dxe5 12. Nxc7 Rb8 13. dxe5 Bf5 14.
Qxd8 Rfxd8 15. Nf3 Rd7 16. Nb5 Be6 17. Bxe6 fxe6 18. O-O a6 19. Rc7 Rxc7 20.
Nxc7 Kf7 21. Nd4 Rc8 22. Ncxe6 Ng6 23. Ng5+ Kg8 24. e6 Ne7 25. f4 h6 26. Nf7 b5
27. f5 1-0

[Event "Tournoi Skype 015B"]
[Site "Skype"]
[Date "????.??.??"]
[Round "7.5"]
[White "Yeter, Orhan"]
[Black "Rajpurohit, Dinesh"]
[Result "1-0"]
[WhiteElo "1431"]
[BlackElo "1574"]
[PlyCount "99"]

1. e4 c5 2. d4 cxd4 3. c3 dxc3 4. Nxc3 e5 5. Bc4 Bb4 6. Bd2 Nf6 7. Nf3 Nc6 8.
Qe2 d6 9. O-O O-O 10. Rfd1 Bg4 11. Rac1 Nd4 12. Qd3 Bxf3 13. gxf3 Qd7 14. a3
Qh3 15. axb4 Nxf3+ 16. Qxf3 Qxf3 17. Bg5 Ng4 18. Bh4 Qh3 19. Bg3 h5 20. Bf1
Nxf2 21. Bxh3 Nxh3+ 22. Kg2 Nf4+ 23. Bxf4 exf4 24. Rxd6 Rfd8 25. e5 Rxd6 26.
exd6 Rd8 27. Rd1 Kf8 28. Ne4 Ke8 29. Kf3 Kd7 30. Kxf4 Kc6 31. Kg5 g6 32. Kf6
Rd7 33. Ng5 Rxd6+ 34. Rxd6+ Kxd6 35. Nxf7+ Kc6 36. Kxg6 Kb5 37. Kxh5 Kxb4 38.
h4 Kb3 39. Kg4 Kxb2 40. h5 a5 41. h6 a4 42. h7 a3 43. h8=Q+ Kb3 44. Qa1 a2 45.
Nd6 b6 46. Ne4 b5 47. Nc3 b4 48. Nxa2 Kc2 49. Nxb4+ Kb3 50. Qd4 1-0

[Event "Tournoi Skype 015B"]
[Site "Skype"]
[Date "????.??.??"]
[Round "7.6"]
[White "Hernandez, George"]
[Black "Hague, Mark"]
[Result "1-0"]
[WhiteElo "1466"]
[BlackElo "1418"]
[PlyCount "85"]

1. e4 g6 2. d4 Bg7 3. Nf3 d6 4. Bc4 e6 5. Nc3 a6 6. O-O b5 7. Bb3 Nf6 8. d5 e5
9. h3 b4 10. Ne2 Nxe4 11. c4 Nc5 12. Bc2 Nbd7 13. Ng5 O-O 14. Ne4 Rb8 15. b3 a5
16. a4 Nxe4 17. Bxe4 Nc5 18. Bc2 f5 19. f4 e4 20. Be3 Bxa1 21. Qxa1 Nd7 22. Nd4
Qf6 23. Qb1 Bb7 24. Ne6 Qc3 25. Bd4 Qg3 26. Qb2 Rf7 27. Ng5 Rbf8 28. Ne6 Qh4
29. Ng5 h6 30. Nxf7 Rxf7 31. c5 Bxd5 32. cxd6 cxd6 33. Ba7 Nc5 34. Bxc5 dxc5
35. Qe5 Bb7 36. Rd1 Qe7 37. Qb8+ Rf8 38. Qa7 Bc6 39. Qxe7 Rf7 40. Qe6 Bxa4 41.
Qxg6+ Kf8 42. bxa4 e3 43. Rd8+ 1-0

[Event "Tournoi Skype 015B"]
[Site "Skype"]
[Date "????.??.??"]
[Round "7.7"]
[White "De Coninck, Philippe"]
[Black "Perrone, Gabriel Lorenzo"]
[Result "0-1"]
[WhiteElo "1462"]
[BlackElo "1385"]
[PlyCount "52"]

1. e4 g6 2. Nf3 d6 3. Bc4 Bg7 4. c3 a6 5. d4 Nc6 6. Ng5 e6 7. d5 Ne5 8. Bb3 Bf6
9. Nf3 Nxf3+ 10. Qxf3 Bg7 11. Nd2 Nf6 12. O-O O-O 13. Nc4 b5 14. Ne3 Kh8 15.
Ng4 exd5 16. Bxd5 Bxg4 17. Qd3 Nxd5 18. Qxd5 Be6 19. Qd3 Bc4 20. Qh3 Bxf1 21.
Kxf1 Qe7 22. f3 Rad8 23. Bh6 d5 24. Bxg7+ Kxg7 25. Re1 Qd7 26. exd5 Qxh3 0-1

[Event "Tournoi Skype 015B"]
[Site "Skype"]
[Date "????.??.??"]
[Round "7.8"]
[White "Dubois, Real"]
[Black "Briere, Jean"]
[Result "0-1"]
[WhiteElo "1373"]
[BlackElo "1455"]
[PlyCount "46"]

1. d4 d5 2. Nf3 Nc6 3. e3 Nf6 4. c3 e6 5. Bd3 Bd6 6. Qc2 O-O 7. Ng5 g6 8. e4
dxe4 9. Nxe4 Re8 10. Bg5 Be7 11. Nxf6+ Bxf6 12. Bxf6 Qxf6 13. Nd2 e5 14. Ne4
exd4 15. O-O Qe5 16. Ng3 Bd7 17. cxd4 Nxd4 18. Qd1 Bc6 19. Qg4 Qd5 20. Ne4 Rxe4
21. Bxe4 Qxe4 22. Qxe4 Bxe4 23. Rac1 Ne2+ 0-1

[Event "Tournoi Skype 015B"]
[Site "Skype"]
[Date "????.??.??"]
[Round "7.9"]
[White "Le Brun, Yves"]
[Black "Sauvaget, Joel"]
[Result "1-0"]
[WhiteElo "1437"]
[BlackElo "1396"]
[PlyCount "109"]

1. e4 e5 2. d4 exd4 3. Qxd4 Nc6 4. Qe3 d6 5. Bc4 Nf6 6. Nf3 h6 7. Bd2 Be7 8. h3
O-O 9. O-O b6 10. Nc3 Bb7 11. Rfe1 Re8 12. a3 a6 13. Nd5 Bf8 14. Nxf6+ Qxf6 15.
Bc3 Ne5 16. Nxe5 dxe5 17. b4 Rad8 18. Rad1 Bd6 19. Rd3 b5 20. Ba2 Bc8 21. Qg3
Be6 22. Rf3 Qg6 23. Qxg6 fxg6 24. Bxe6+ Rxe6 25. g4 g5 26. Kg2 Rf6 27. Ree3 Kf7
28. Kg3 Kg6 29. Rd3 Rdf8 30. Rf5 Re8 31. Bd2 Kf7 32. h4 gxh4+ 33. Kxh4 g5+ 34.
Kg3 Kg6 35. Rd5 Kf7 36. Be3 Ke6 37. Rd1 Kf7 38. Rh1 Kg6 39. Rxf6+ Kxf6 40.
Rxh6+ Kg7 41. Rh5 Rh8 42. Rxg5+ Kf6 43. Rf5+ Kg6 44. g5 Rh1 45. Rf6+ Kg7 46.
Kg4 Ra1 47. Kf5 Rxa3 48. g6 Rc3 49. Rf7+ Kg8 50. Kf6 Rxc2 51. Ke6 Rc4 52. Bh6
Rxb4 53. Rg7+ Kh8 54. Rd7 Kg8 55. Rd8+ 1-0

[Event "Tournoi Skype 015B"]
[Site "Skype"]
[Date "????.??.??"]
[Round "7.10"]
[White "Lecluyse, Koenraad"]
[Black "Ramirez Reina, Orlando"]
[Result "0-1"]
[WhiteElo "1305"]
[BlackElo "1436"]
[PlyCount "110"]

1. d4 Nf6 2. Nc3 e6 3. e4 Bb4 4. Bd3 d5 5. e5 Bxc3+ 6. bxc3 Nfd7 7. Nf3 b6 8.
O-O h6 9. Ba3 c5 10. Rb1 Ba6 11. Bxa6 Nxa6 12. Qd3 Qc8 13. c4 O-O 14. cxd5 exd5
15. Rfe1 Re8 16. e6 fxe6 17. Qg6 Nf6 18. Nd2 Qd7 19. Bb2 Qf7 20. Qg3 Rac8 21.
c3 cxd4 22. cxd4 Rc2 23. Bc3 Rc8 24. Rb3 Rxa2 25. Qd3 Nc7 26. Bb4 Ng4 27. Qe2
Nf6 28. Rc3 Ne4 29. Rd3 a5 30. f3 Nxd2 31. Rxd2 Rxd2 32. Qxd2 axb4 33. Qxb4 Na8
34. Qd6 Rc4 35. Rd1 Kh7 36. Qb8 Nc7 37. Qxb6 Qf6 38. Qb1+ Qg6 39. Qa1 Qc2 40.
h3 Nb5 41. Kh2 Qc3 42. Qb1+ Qc2 43. Qa1 Ra4 44. Qb1 Qxb1 45. Rxb1 Nxd4 46. Re1
Ra2 47. Re3 Re2 48. Rd3 Nf5 49. Rd1 Ne3 50. Rd3 Nxg2 51. Kg3 Ne1 52. Rd4 Rg2+
53. Kf4 g5+ 54. Ke5 Nxf3+ 55. Kxe6 Nxd4+ 0-1

[Event "Tournoi Skype 015B"]
[Site "Skype"]
[Date "????.??.??"]
[Round "7.11"]
[White "Ruiz Gomez, Luz Alba"]
[Black "Rivas, Jonathan"]
[Result "1-0"]
[WhiteElo "1221"]
[BlackElo "1399"]
[PlyCount "45"]

1. d4 e6 2. c4 Nf6 3. Nc3 d5 4. Bg5 Be7 5. e3 h6 6. Bh4 g5 7. Bg3 Ne4 8. Nxe4
dxe4 9. Qc2 Bb4+ 10. Kd1 Nc6 11. Qxe4 Qf6 12. Kc2 Bd6 13. Nf3 e5 14. dxe5 Qe6
15. Rd1 Bd7 16. Kc1 O-O-O 17. Bd3 Nb4 18. Bb1 Bc5 19. a3 Nc6 20. Rd5 Be7 21.
Rhd1 Rhe8 22. Nd4 Bd6 23. Nxe6 1-0

[Event "Tournoi Skype 015B"]
[Site "Skype"]
[Date "????.??.??"]
[Round "7.12"]
[White "Tripathi, Rajnikant"]
[Black "Bustos, Ricardo"]
[Result "1-0"]
[WhiteElo "1564"]
[BlackElo "1120"]
[PlyCount "70"]

1. d4 Nf6 2. c4 e6 3. a3 d5 4. cxd5 Nxd5 5. e4 Ne7 6. Nc3 a6 7. Nf3 Ng6 8. Qa4+
Bd7 9. Bb5 c6 10. Bd3 Be7 11. O-O O-O 12. Qc2 Qb6 13. Be3 Qc7 14. g3 b5 15.
Rad1 b4 16. axb4 Bxb4 17. Na2 a5 18. Nxb4 axb4 19. e5 Bc8 20. Rc1 Ba6 21. Bxa6
Rxa6 22. Nd2 Nd7 23. Ne4 Rc8 24. b3 Qb7 25. Nd6 Qc7 26. Nxc8 Qxc8 27. Ra1 Rb6
28. Ra4 Rb8 29. Rc1 Nb6 30. Rxb4 Nd5 31. Rxb8 Qxb8 32. Qxc6 Nxe3 33. fxe3 Qxb3
34. Qc3 Qd5 35. Qd3 Nxe5 1-0

[Event "Tournoi Skype 015B"]
[Site "Skype"]
[Date "????.??.??"]
[Round "7.13"]
[White "Vincent, Andre"]
[Black "Guillen Andrinal, Pablo"]
[Result "1-0"]
[WhiteElo "1386"]
[BlackElo "1399"]
[PlyCount "51"]

1. Nf3 d5 2. g3 Nc6 3. d4 f6 4. Bg2 e5 5. dxe5 Nxe5 6. Nxe5 fxe5 7. O-O Nf6 8.
Nc3 Be6 9. Bg5 Be7 10. Bxf6 Bxf6 11. Bxd5 Bh3 12. Bxb7 Qxd1 13. Rfxd1 Rb8 14.
Bc6+ Kf8 15. b3 Bf5 16. e4 Bg4 17. Rd3 Rd8 18. Rxd8+ Bxd8 19. Kg2 Bh5 20. f3 g5
21. Rd1 Kg7 22. Nd5 Rf8 23. g4 Bg6 24. Nxc7 h5 25. Ne6+ Kf7 26. Nxf8 1-0

[Event "Tournoi Skype 015B"]
[Site "Skype"]
[Date "????.??.??"]
[Round "7.14"]
[White "Martin, Jean-Claude"]
[Black "Talbot, Jacques"]
[Result "0-1"]
[WhiteElo "1340"]
[BlackElo "1500"]
[PlyCount "93"]

1. d4 d5 2. c4 e6 3. Nc3 Nf6 4. Nf3 c6 5. cxd5 cxd5 6. Bf4 Bd6 7. Bxd6 Qxd6 8.
h3 Nbd7 9. e3 O-O 10. Bd3 e5 11. dxe5 Nxe5 12. Nxe5 Qxe5 13. O-O Be6 14. Qf3
Rfc8 15. Qg3 Qc7 16. Qxc7 Rxc7 17. a3 a6 18. Rac1 Rac8 19. g4 Ne4 20. Ne2 Nd2
21. Rxc7 Rxc7 22. Rc1 Rc8 23. Rxc8+ Bxc8 24. Nc3 Be6 25. Na4 b5 26. Nc5 Bc8 27.
f4 Nc4 28. Bxc4 dxc4 29. Kf2 Kf8 30. Kg3 Ke7 31. h4 a5 32. g5 Kd6 33. Ne4+ Kd5
34. Nc3+ Kc6 35. Ne4 b4 36. axb4 axb4 37. Kf2 Kd5 38. Kf3 Bf5 39. Nd2 c3 40.
bxc3 bxc3 41. Nb3 c2 42. Ke2 Kc4 43. Nc1 Kc3 44. Ke1 Kb2 45. Kd2 Be4 46. Nd3+
Bxd3 47. Kxd3 0-1

[Event "Tournoi Skype 015B"]
[Site "Skype"]
[Date "????.??.??"]
[Round "7.15"]
[White "Raheja, Shiv"]
[Black "Farthouat, Titoine"]
[Result "0-1"]
[WhiteElo "1419"]
[BlackElo "1357"]
[PlyCount "78"]

1. c4 e6 2. Nf3 d5 3. e3 Nc6 4. Be2 Nf6 5. Nc3 Bb4 6. a3 Bxc3 7. dxc3 O-O 8.
Qc2 Qd6 9. Ng5 h6 10. Nf3 Rd8 11. Bd2 b6 12. O-O Bb7 13. Rae1 dxc4 14. Bxc4 Ne7
15. Be2 Ng4 16. h3 Bxf3 17. hxg4 Bxg4 18. Bxg4 Qxd2 19. Qa4 Qxb2 20. Bh5 Qxc3
21. Rc1 Qe5 22. Bf3 Nd5 23. Qc4 c5 24. e4 Nf4 25. a4 Nd3 26. Rb1 Nb2 27. Qc2
Nd3 28. Qb3 Rab8 29. Qc2 Nf4 30. Rbc1 Rdc8 31. Qd2 a6 32. Qd7 b5 33. a5 c4 34.
Rfe1 Nd3 35. Re3 Nxc1 36. Qa7 c3 37. Bd1 c2 38. Bxc2 Rxc2 39. Qxb8+ Qxb8 0-1

[Event "Tournoi Skype 015B"]
[Site "Skype"]
[Date "????.??.??"]
[Round "7.16"]
[White "Bankhede, Shiv"]
[Black "Capdeville, Jean"]
[Result "1-0"]
[WhiteElo "1399"]
[BlackElo "1330"]
[PlyCount "85"]

1. d4 d5 2. c4 e6 3. Nc3 Nf6 4. a3 Nbd7 5. Nf3 c6 6. Bg5 Be7 7. e3 h6 8. Bf4
O-O 9. Bd3 a6 10. O-O b6 11. Re1 Bb7 12. Qc2 b5 13. cxd5 cxd5 14. e4 dxe4 15.
Nxe4 Nxe4 16. Bxe4 Bxe4 17. Qxe4 Nf6 18. Qd3 Bd6 19. Ne5 Bxe5 20. Bxe5 Re8 21.
b4 Nd7 22. Bg3 Nf6 23. f4 Ra7 24. Bf2 Rb7 25. Rad1 Qb8 26. Bg3 Qc8 27. h3 Rd7
28. Re5 Rd5 29. Re2 Qd7 30. Bf2 Rc8 31. Qf3 Rc4 32. Red2 Qc8 33. g4 Rc1 34. h4
Nxg4 35. Qxg4 Qc3 36. Kg2 Qxa3 37. Rd3 Qa1 38. h5 Rxd1 39. Rxd1 Qb2 40. Kf3
Qxb4 41. Rg1 Qc3+ 42. Ke2 b4 43. Qxg7# 1-0

[Event "Tournoi Skype 015B"]
[Site "Skype"]
[Date "????.??.??"]
[Round "7.18"]
[White "Cengiz, Cem"]
[Black "Milanese, Serge"]
[Result "1-0"]
[WhiteElo "1225"]
[BlackElo "1397"]
[PlyCount "37"]

1. e4 e5 2. Nf3 Nf6 3. Nc3 d6 4. d4 Nc6 5. dxe5 Ng4 6. exd6 cxd6 7. h3 Nf6 8.
Bf4 Be6 9. Qd2 Be7 10. O-O-O Nb4 11. Bb5+ Nd7 12. Kb1 Nxa2 13. Nxa2 h6 14. Bxd6
Bg5 15. Nxg5 hxg5 16. Nb4 Qb6 17. Bxd7+ Bxd7 18. Qxg5 f6 19. Qxg7 1-0

[Event "Tournoi Skype 015B"]
[Site "Skype"]
[Date "????.??.??"]
[Round "7.19"]
[White "Hargez, Dany"]
[Black "Lequeux, Pierre"]
[Result "1-0"]
[WhiteElo "1369"]
[BlackElo "1223"]
[PlyCount "41"]

1. d4 d5 2. c4 c6 3. Nf3 h6 4. Bf4 Nf6 5. Nc3 e6 6. c5 b6 7. b4 b5 8. Qd3 Nh5
9. Be5 Nd7 10. e4 Nxe5 11. Nxe5 Nf6 12. Be2 dxe4 13. Nxe4 Nxe4 14. Qxe4 Bb7 15.
Bf3 Rc8 16. O-O Be7 17. Bd1 Bf6 18. Nf3 Qe7 19. Bc2 a6 20. Rfe1 O-O 21. Qh7#
1-0

[Event "Tournoi Skype 015B"]
[Site "Skype"]
[Date "????.??.??"]
[Round "7.20"]
[White "Gerbaux, Regis"]
[Black "Lemoine, Gerard"]
[Result "1-0"]
[WhiteElo "1364"]
[BlackElo "1170"]
[PlyCount "109"]

1. d4 d5 2. c4 e6 3. a3 c6 4. Nf3 Bd6 5. c5 Bc7 6. Nc3 Nd7 7. e4 e5 8. Be3 Ne7
9. Bd3 b6 10. Qc2 O-O 11. exd5 Nxd5 12. Bxh7+ Kh8 13. Nxd5 cxd5 14. O-O g6 15.
Bh6 Ba6 16. Rfe1 Nf6 17. Bxg6 Qe7 18. Bxf8 Qxf8 19. Bf5 Bc8 20. Bxc8 Rxc8 21.
Qf5 Nh7 22. Ng5 Nxg5 23. Qxg5 f6 24. Qf5 bxc5 25. dxc5 Bb8 26. b4 Kg7 27. Qd7+
Kg6 28. Qxd5 Rd8 29. Qc6 Re8 30. f4 Kf5 31. Qe4+ Ke6 32. Rf1 f5 33. Qc6+ Ke7
34. Rad1 Rd8 35. fxe5 Bxe5 36. Qc7+ Bxc7 37. Rde1+ Kf6 38. g4 Kg5 39. Rxf5+
Kxg4 40. Rxf8 Rxf8 41. Kg2 Rd8 42. Re4+ Kf5 43. Kf3 Bxh2 44. a4 Bc7 45. a5 a6
46. c6 Ra8 47. Re7 Ra7 48. Rd7 Ke6 49. Ke4 Bb8 50. Rxa7 Bxa7 51. c7 Kd7 52. Kd5
Kxc7 53. Kc4 Kb7 54. b5 axb5+ 55. Kxb5 1-0

[Event "Tournoi Skype 015B"]
[Site "Skype"]
[Date "????.??.??"]
[Round "7.21"]
[White "Porcabeuf, Jean-Marc"]
[Black "Rival, Jocelyn"]
[Result "1-0"]
[WhiteElo "1438"]
[BlackElo "1077"]
[PlyCount "39"]

1. d4 d5 2. c4 dxc4 3. e4 Bg4 4. Qxg4 Nf6 5. Qd1 Nxe4 6. Bxc4 Nd7 7. Nf3 Nd6 8.
Bd3 e6 9. O-O c6 10. Nc3 Qb6 11. b3 c5 12. dxc5 Nxc5 13. Be3 Qc7 14. Nb5 Nxb5
15. Bxb5+ Nd7 16. Rc1 Bc5 17. Bxc5 b6 18. Bb4 a6 19. Rxc7 axb5 20. Qxd7# 1-0

[Event "Tournoi Skype 015B"]
[Site "Skype"]
[Date "????.??.??"]
[Round "7.22"]
[White "Farfallini, Michel"]
[Black "Baker, Abi"]
[Result "0-1"]
[WhiteElo "1320"]
[BlackElo "1072"]
[PlyCount "70"]

1. e4 e6 2. d4 d5 3. e5 c5 4. Nf3 Nc6 5. c3 h6 6. Be2 Bd7 7. O-O Qb6 8. Qd3 g5
9. Rd1 Nge7 10. Qc2 c4 11. Nbd2 Qc7 12. Nf1 Bg7 13. Ng3 O-O-O 14. b3 f6 15.
exf6 Bxf6 16. bxc4 dxc4 17. Bxc4 Rdg8 18. Re1 Qb6 19. Bxe6 Bxe6 20. Rxe6 Nxd4
21. cxd4+ Nc6 22. d5 Bxa1 23. dxc6 bxc6 24. Rxc6+ Kb7 25. Rxb6+ axb6 26. Be3
Rg6 27. Ne4 h5 28. Nc5+ bxc5 29. Qxg6 Rc8 30. Qb1+ Ka6 31. Qxa1 c4 32. Qe5 g4
33. Qd6+ Kb5 34. Nd4+ Ka4 35. Qa3+ Kxa3 0-1

[Event "Tournoi Skype 015B"]
[Site "Skype"]
[Date "????.??.??"]
[Round "7.24"]
[White "Tamditi, Ibrahim"]
[Black "Armingaud, Jean-Claude"]
[Result "0-1"]
[WhiteElo "1430"]
[BlackElo "1198"]
[PlyCount "32"]

1. e4 e5 2. Bc4 Nf6 3. Nf3 Nxe4 4. Nxe5 d5 5. Nxf7 Kxf7 6. Qh5+ g6 7. Bxd5+ Kg7
8. Qe5+ Nf6 9. O-O Bd6 10. Qd4 Re8 11. d3 c5 12. Qh4 Nxd5 13. Bg5 Be7 14. Re1
Bxg5 15. Rxe8 Qxe8 16. Qxg5 Qe1# 0-1

[Event "Tournoi Skype 015B"]
[Site "Skype"]
[Date "????.??.??"]
[Round "7.25"]
[White "Moumtaz, Abderrahim"]
[Black "Alverson, Ginny"]
[Result "1-0"]
[WhiteElo "1399"]
[BlackElo "1193"]
[PlyCount "65"]

1. e4 c5 2. Nf3 d6 3. Bc4 e6 4. O-O Nc6 5. d4 cxd4 6. Bb5 Bd7 7. Nxd4 Nxd4 8.
Bxd7+ Qxd7 9. Qxd4 Nf6 10. Nc3 Be7 11. Re1 O-O 12. Bg5 h6 13. Bh4 e5 14. Qd1
Rac8 15. h3 Nh5 16. Qxh5 Bxh4 17. Qxh4 Kh7 18. Nd5 Rce8 19. c4 Qc6 20. Rac1 Qc5
21. b4 Qd4 22. Red1 Qb2 23. a4 Re6 24. Nc7 Rg6 25. Qe7 Kg8 26. Nd5 Re6 27. Qxb7
Qe2 28. Ne7+ Kh7 29. Nf5 g6 30. Nxd6 Rf6 31. f3 g5 32. Qe7 Rg8 33. Qxf6 1-0

[Event "Tournoi Skype 015B"]
[Site "Skype"]
[Date "????.??.??"]
[Round "7.27"]
[White "Douichi, Mohammed"]
[Black "Paquay, Renaud"]
[Result "0-1"]
[WhiteElo "1240"]
[BlackElo "1187"]
[PlyCount "72"]

1. e4 c6 2. e5 d5 3. d4 Bf5 4. Nf3 e6 5. Nc3 Nd7 6. Be2 Bb4 7. Bg5 Qa5 8. O-O
h6 9. Bd2 Ne7 10. Nb5 cxb5 11. c3 Qd8 12. cxb4 Rc8 13. Bxb5 O-O 14. Qa4 a6 15.
Bxd7 Rc7 16. Bxe6 fxe6 17. Qa5 Nc6 18. Qa4 Bd3 19. Rfe1 Bb5 20. Qd1 Qe7 21. a3
Qd7 22. Nh4 Bd3 23. Be3 g5 24. Bxg5 hxg5 25. Qxd3 gxh4 26. Qg6+ Kh8 27. Qh6+
Qh7 28. Qxf8+ Qg8 29. Qf6+ Qg7 30. Qxe6 Nxd4 31. Qxd5 Nc2 32. Qd8+ Kh7 33.
Qxh4+ Kg8 34. Re2 Nxa1 35. e6 Rc1+ 36. Re1 Rxe1# 0-1